| 000 | 00000nam 2200000zi 4500 |
| 001 | 9.870263 |
| 003 | CaOODSP |
| 005 | 20221107163053 |
| 006 | m o d f |
| 007 | cr ||||||||||| |
| 008 | 190320e201903##nfcabd| obs f000 0 fre d |
| 040 | |aCaOODSP|bfre|erda|cCaOODSP |
| 043 | |an-cnm |
| 086 | 1 |aFs70-6/2019-007F-PDF |
| 245 | 00|aÉvaluation du stock d’aiglefin (Melanogrammus aeglefinus) de la sous-division 3Ps de l’Organisation des pêches de l’Atlantique nord-ouest. |
| 246 | 17|aÉvaluation du stock d’aiglefin de la sous-division 3Ps |
| 264 | 1|aSt. John’s (Terre-Neuve-et-Labrador) : |bCentre des avis scientifiques (CAS), Région de Terre-Neuve-et-Labrador, Pêches et Océans Canada, |cMars 2019. |
| 264 | 4|c©2019 |
| 300 | |a1 ressource en ligne (12 pages) : |billustrations en couleur, graphiques en couleur, cartes en couleur. |
| 336 | |atexte|btxt|2rdacontent/fre |
| 337 | |ainformatique|bc|2rdamedia/fre |
| 338 | |aressource en ligne|bcr|2rdacarrier/fre |
| 490 | 1 |aSecrétariat canadien de consultation scientifique, avis scientifique, |x1919-5117 ; |v2019/007, Région de Terre-Neuve-et-Labrador |
| 500 | |aPubl. aussi en anglais sous le titre : Stock assessment of haddock (Melanogrammus aeglefinus) in NAFO subdivision 3Ps. |
| 500 | |aTitre de départ. |
| 504 | |aComprend des références bibliographiques (page 10). |
| 520 | |a« L’aiglefin est présent des deux côtés de l’Atlantique Nord; sur la côte nord-américaine, on le rencontre du détroit de Belle Isle jusqu’au cap Hatteras au sud; il est plus abondant dans la partie sud de son aire de répartition » -- Contexte, page [1]. |
| 692 | 07|2gccst|aRessources halieutiques |
| 692 | 07|2gccst|aGestion des pêches |
| 693 | 4|aAiglefin |
| 693 | 4|aMelanogrammus aeglefinus |
| 710 | 1 |aCanada. |bMinistère des pêches et des océans. |bRégion de Terre-Neuve et du Labrador. |
| 710 | 1 |aCanada. |bSciences des écosystèmes et des océans. |
| 710 | 2 |aSecrétariat canadien de consultation scientifique. |
| 775 | 08|tStock assessment of haddock (Melanogrammus aeglefinus) in NAFO subdivision 3Ps.|w(CaOODSP)9.870261 |
| 830 | #0|aAvis scientifique (Secrétariat canadien de consultation scientifique)|x1919-5117 ; |v2019/007, Région de Terre-Neuve-et-Labrador|w(CaOODSP)9.502624 |
| 856 | 40|qPDF|s756 Ko|uhttps://publications.gc.ca/collections/collection_2019/mpo-dfo/fs70-6/Fs70-6-2019-007-fra.pdf |